000 00460cam a2200193ua 4500
001 316
005 20260515113140.0
008 110329n ii |||gr||||Z||||||asm
040 _cMAIN
082 _a361
245 1 _aSamajik kalyan
_cby Jyotiprasad Saikia
250 _a1st.
260 _aDibrugarh:
_bBanalata,
_c2005.
300 _a220p:
_c20cm.
653 _aSociology
653 _aSamajik kalyan
700 _aSaikia, Jyotiprasad.,
_eAuthor.
942 _cBK
999 _c267
_d267